00859nam a2200229 a 450000100100000000500170001000800410002702000180006804000250008608200290011110000260014024500510016625000110021726000360022830000210026449000610028550400320034665100570037865100660043565000660050183000620056700004822120201002061011.0181206s2015 dr r 000 0 spa d a9789945462845 aDO-SdBNPbspacBNPHU a327.7307293bL917d, 20151 aLowenthal, Abraham F.13aEl desatino americano /cAbraham F. Lowenthal. a2a ed. aSanto Domingo :bBúho,c2015. a330 p. ;c24 cm.1 a50 Aniversario de la Gesta Patriótica de Abril 1965v6 aBibliografía : p. 305-330 4aRepública DominicanaxHistoriayREVOLUCIÓN, 1965 4aRepública DominicanaxRelaciones ExterioreszEstados Unidos 1aEstados unidosxRelaciones exterioreszRepública Dominicana 0a50 Aniversario de la Gesta Patriotica de Abril de 1965n6